El costo de la violencia doméstica /

Shranjeno v:
Bibliografske podrobnosti
Korporativna značnica: Banco Inter-Americano de Desarrollo (BID)
Format: Neznan
Jezik:Spanish
Teme:
Oznake: Označite
Brez oznak, prvi označite!

MARC

LEADER 000000000a22000000004500
001 009108
041 0 |a spa 
110 2 |a Banco Inter-Americano de Desarrollo (BID) 
245 1 3 |a El costo de la violencia doméstica /   |c Banco Inter-Americano de Desarrollo (BID) 
310 |a semestral 
650 4 |a VIOLENCIA CONYUGAL 
773 0 |d Trinidad y Tobago : Asociación Caribeña para la Investigación y Acción Feministas  |t CAFRA: Revista de la Asociación Caribeña para la Investigación Acción Feministas  |g volumen 14, número 2 (2000), páginas 9-10 
942 |c ARC 
999 |c 15041  |d 15041